000 01007cam a2200301 a 4500
999 _c15264
_d15264
001 12587650
005 20200626111056.0
008 011113s2000 sa 001 0 eng d
010 _a 2001427657
020 _a0702154687 (pbk.)
035 _a(CStRLIN)TXULB14766413-B
035 _a(TxU-L)b14766413
040 _aOD$
_cOD$
_dTxU-L
_dDLC
042 _alccopycat
043 _af-sa---
050 0 0 _aKTL920
_b.G46 2000
082 0 0 _a346.6807
_222
245 0 0 _aGeneral principles of commercial law /
_cPeter Havenga ... [et al.].
250 _a4th ed.
260 _aLansdowne [South Africa] :
_bJuta,
_c2000
_g(2001 printing)
300 _avii, 445 p. ;
_c25 cm.
500 _aIncludes index.
650 0 _aCommercial law
_zSouth Africa.
700 1 _aHavenga, Peter.
906 _a7
_bcbc
_ccopycat
_d3
_encip
_f20
_gy-gencatlg
942 _2lcc
_cOS
_hKTL920.G46